Movies Quiz

Random Movies or Clickable Quiz

'Star Wars: Episode IV' Start to Finish Quiz Stats

 Plays Quiz Updated Jul 11, 2016

Challenge
Share
Tweet
Embed
Score 0/10 Timer 04:00
37 Plays Today
% Correct
???
100%
???
89.5%
???
69.8%
???
51.3%
???
43.6%
???
39.3%
???
37.7%
???
35.1%
???
32.8%
???
32.8%

You're not logged in!

Compare scores with friends on all Sporcle quizzes.
OR
Log In

You Might Also Like...

Show Comments

Extras

Top Quizzes Today


Score Distribution

Your Account Isn't Verified!

In order to create a playlist on Sporcle, you need to verify the email address you used during registration. Go to your Sporcle Settings to finish the process.

Report this User

Report this user for behavior that violates our Community Guidelines.

Details: